| 000 | 01231cam a2200337 4500 | ||
|---|---|---|---|
| 003 | MUT | ||
| 005 | 20250922150728.0 | ||
| 008 | 170801s2016 nyua e 001 0 eng d | ||
| 020 | _a9780375427954 | ||
| 040 | _cMUT | ||
| 050 | 0 | 0 |
_aR 838.5 _b.M33 2010 |
| 110 | _aPrinceton Review | ||
| 245 | 0 | 0 | _aMCAT physics and math review / |
| 264 | 1 |
_aNew York : _bRandom House Inc, _c2010 |
|
| 650 | 0 |
_aMedical College Admission Test _vStudy guides. |
|
| 650 | 0 |
_aPhysics _xExaminations _vStudy guides. |
|
| 650 | 0 |
_aMathematics _xExaminations _vStudy guides. |
|
| 650 | 7 |
_aMathematics _xExaminations. _2fast |
|
| 650 | 7 |
_aMedical College Admission Test. _2fast |
|
| 650 | 7 |
_aPhysics _xExaminations. _2fast |
|
| 650 | 7 |
_aMathematics _xExaminations _vStudy guides. _2sears |
|
| 650 | 7 |
_aPhysics _xExaminations _vStudy guides. _2sears |
|
| 650 | 7 |
_aMedical College Admission Test _vStudy guides. _2sears |
|
| 650 | 7 |
_aMedical colleges _xEntrance examinations _vStudy guides. _2sears |
|
| 650 | 7 |
_aMedicine _xExaminations _vStudy guides. _2sears |
|
| 655 | 7 |
_aExaminations _2fast _0(OCoLC)fst01423780 |
|
| 655 | 7 |
_aStudy guides. _2fast _0(OCoLC)fst01423888 |
|
| 655 | 7 |
_aExaminations. _2lcgft |
|
| 655 | 7 |
_aStudy guides. _2lcgft |
|
| 942 |
_2lcc _cBK |
||
| 999 |
_c19762 _d19762 |
||